| 000 | 00404nam a2200157Ia 4500 | ||
|---|---|---|---|
| 008 | 230524s9999 xx 000 0 und d | ||
| 082 |
_a621.38 _bMIT |
||
| 100 | _aG.K.Mithal | ||
| 245 | 0 | _a"Radio Engineering, Principles of Communication Engineering" | |
| 250 | _a20TH | ||
| 260 |
_aNEW DELHI _bKhanna _c2005 |
||
| 300 | _a540 | ||
| 500 | _aQuantity Number: 2 | ||
| 650 | _aElectronics | ||
| 942 | _cBK | ||
| 999 |
_c22918 _d22918 |
||